Normal view
MARC view
- Shesha Prakash,G.S Suresh
Entry Personal Name
001 - CONTROL NUMBER
- control field: 54665
003 - CONTROL NUMBER IDENTIFIER
- control field: NUST
005 - DATE AND TIME OF LATEST TRANSACTION
- control field: 20210421120018.0
008 - FIXED-LENGTH DATA ELEMENTS
- fixed length control field: 210421|| aca||aabn | a|a d
040 ## - CATALOGING SOURCE
- Original cataloging agency: NUST
- Transcribing agency: NUST
100 ## - HEADING--PERSONAL NAME
- Personal name: Shesha Prakash,G.S Suresh
670 ## - SOURCE DATA FOUND
- Source citation: Work cat.: (NUST): Shesha Prakash,G.S Suresh, Textbook of mechanics of materials, 2011
